[Event "33rd Leon Blitz Open 2020"]
[Site "chess.com INT"]
[Date "2020.07.14"]
[Round "6"]
[White "Mohammad, Nubairshah Shaikh"]
[Black "Petkov, Momchil"]
[Result "1-0"]
[WhiteTitle "IM"]
[BlackTitle "FM"]
[WhiteElo "2445"]
[BlackElo "2315"]
[WhiteFideId "5053196"]
[BlackFideId "2921642"]
[EventDate "2020.07.14"]
[EventType "blitz"]

1. d4 Nf6 2. c4 e6 3. Nc3 Bb4 4. Qc2 O-O 5. e4 d5 6. e5 Ne4 7. Bd3 c5 8. Ne2
cxd4 9. Nxd4 Nd7 10. Bf4 Qh4 11. g3 Qh5 12. O-O Bxc3 13. bxc3 Ndc5 14. cxd5 exd5
15. Be2 Qg6 16. f3 Ng5 17. Qxg6 Nh3+ 18. Kh1 fxg6 19. Be3 g5 20. Nb5 Bf5 21.
Bxc5 1-0

[Event "33rd Leon Blitz Open 2020"]
[Site "chess.com INT"]
[Date "2020.07.14"]
[Round "6"]
[White "Sukandar, Irine Kharisma"]
[Black "De Abreu, Roberto N"]
[Result "1-0"]
[WhiteTitle "IM"]
[BlackTitle "FM"]
[WhiteElo "2413"]
[BlackElo "2184"]
[WhiteFideId "7101937"]
[BlackFideId "14307472"]
[EventDate "2020.07.14"]
[EventType "blitz"]

1. d4 Nf6 2. Bf4 e6 3. e3 c5 4. Nd2 Nc6 5. Ngf3 Be7 6. h3 O-O 7. Be2 b6 8. O-O
Bb7 9. c3 Nd5 10. Bh2 f5 11. c4 Nf6 12. d5 exd5 13. cxd5 Nxd5 14. Nc4 Nf6 15.
Nd6 Bxd6 16. Bxd6 Re8 17. Bc4+ Kh8 18. Ng5 Ne5 19. Bxe5 d5 20. Nf7+ Kg8 21. Nxd8
Raxd8 22. Bxf6 gxf6 23. Bb5 Re7 24. Qf3 d4 25. Qxf5 Rg7 26. Bc4+ Kh8 27. e4 Re8
28. f3 1-0

[Event "33rd Leon Blitz Open 2020"]
[Site "chess.com INT"]
[Date "2020.07.14"]
[Round "6"]
[White "Aditya, Mittal"]
[Black "Le Goff, Ronan"]
[Result "1-0"]
[WhiteTitle "IM"]
[BlackTitle "FM"]
[WhiteElo "2438"]
[BlackElo "2267"]
[WhiteFideId "35042025"]
[BlackFideId "612073"]
[EventDate "2020.07.14"]
[EventType "blitz"]

1. d4 Nf6 2. c4 e6 3. Nc3 d5 4. cxd5 exd5 5. Bg5 c6 6. e3 Nbd7 7. Bd3 Be7 8. Qc2
h6 9. Bh4 Nh5 10. Bxe7 Qxe7 11. Nge2 Nb6 12. O-O O-O 13. Rae1 Bd7 14. Nc1 Rae8
15. Nb3 Nf6 16. Nc5 Bc8 17. f3 Nbd7 18. Nb3 Qd6 19. e4 Qf4 20. e5 Nh5 21. g3 Qg5
22. f4 Qg4 23. Bf5 1-0

[Event "33rd Leon Blitz Open 2020"]
[Site "chess.com INT"]
[Date "2020.07.14"]
[Round "6"]
[White "Djokic, Mihailo"]
[Black "Idrisov, Ildar F"]
[Result "1-0"]
[WhiteTitle "FM"]
[BlackTitle "FM"]
[WhiteElo "2232"]
[BlackElo "2282"]
[WhiteFideId "976440"]
[BlackFideId "4151020"]
[EventDate "2020.07.14"]
[EventType "blitz"]

1. e4 c6 2. d4 d5 3. e5 g6 4. Bd3 h5 5. h4 Nh6 6. Ne2 Bf5 7. Bxh6 Bxh6 8. Bxf5
gxf5 9. Ng3 e6 10. Nxh5 Qb6 11. Nf6+ Ke7 12. b3 c5 13. Nc3 Qb4 14. Rh3 cxd4 15.
a3 Qb6 16. Ncxd5+ exd5 17. Nxd5+ Ke6 18. Nxb6 axb6 19. Qxd4 Bf8 20. Rd1 Bxa3 21.
Qd5+ 1-0

[Event "33rd Leon Blitz Open 2020"]
[Site "chess.com INT"]
[Date "2020.07.14"]
[Round "6"]
[White "Deac, Bogdan-Daniel"]
[Black "Schwabeneder, Florian"]
[Result "1-0"]
[WhiteTitle "GM"]
[BlackTitle "IM"]
[WhiteElo "2625"]
[BlackElo "2431"]
[WhiteFideId "1226380"]
[BlackFideId "1626191"]
[EventDate "2020.07.14"]
[EventType "blitz"]

1. Nf3 Nf6 2. c4 b6 3. d4 e6 4. g3 Ba6 5. Qc2 c5 6. d5 exd5 7. cxd5 d6 8. e4
Bxf1 9. Kxf1 Nbd7 10. Kg2 Be7 11. Nc3 O-O 12. Re1 Ne8 13. Rb1 a6 14. b4 cxb4 15.
Rxb4 Bf6 16. Ne2 Nc5 17. Ned4 b5 18. Nc6 Qd7 19. e5 Bd8 20. exd6 Na4 21. Ne7+
Kh8 22. Qxh7+ Kxh7 23. Rh4# 1-0

[Event "33rd Leon Blitz Open 2020"]
[Site "chess.com INT"]
[Date "2020.07.14"]
[Round "6"]
[White "Grunberg, Mihai-Lucian"]
[Black "Jobava, Baadur"]
[Result "0-1"]
[WhiteTitle "IM"]
[BlackTitle "GM"]
[WhiteElo "2401"]
[BlackElo "2603"]
[WhiteFideId "1204149"]
[BlackFideId "13601520"]
[EventDate "2020.07.14"]
[EventType "blitz"]

1. Nf3 d5 2. c4 c6 3. g3 Nf6 4. Bg2 Bg4 5. O-O e6 6. d3 Be7 7. Nc3 O-O 8. cxd5
cxd5 9. Qb3 Bxf3 10. Bxf3 Qd7 11. e4 Nc6 12. Bg2 d4 13. Ne2 a5 14. a4 Rfc8 15.
Bd2 h6 16. h3 Bb4 17. Bxb4 Nxb4 18. Rfc1 e5 19. h4 Rxc1+ 20. Rxc1 Rc8 21. Rxc8+
Qxc8 22. Kh2 g5 23. hxg5 hxg5 24. f3 Kg7 25. Bh3 g4 26. fxg4 Qh8 27. Kg2 Qh6 28.
Ng1 Qd2+ 29. Kh1 Nxd3 30. Bg2 0-1

[Event "33rd Leon Blitz Open 2020"]
[Site "chess.com INT"]
[Date "2020.07.14"]
[Round "6"]
[White "Yanchenko, Roman"]
[Black "Hoffmann, Asa"]
[Result "1-0"]
[WhiteTitle "FM"]
[BlackTitle "FM"]
[WhiteElo "2467"]
[BlackElo "2185"]
[WhiteFideId "4137329"]
[BlackFideId "2001470"]
[EventDate "2020.07.14"]
[EventType "blitz"]

1. d4 Nf6 2. Nf3 d6 3. Bg5 Nbd7 4. Nbd2 c6 5. e4 e5 6. dxe5 dxe5 7. Nc4 Qc7 8.
Bxf6 gxf6 9. Ne3 Nc5 10. Bd3 Be6 11. O-O O-O-O 12. Qe2 Bh6 13. Nh4 Bxe3 14. fxe3
Qe7 15. Nf5 Bxf5 16. Rxf5 Rd6 17. b4 Nd7 18. a4 Rd8 19. a5 Nf8 20. Raf1 a6 21.
h4 Re6 22. h5 h6 23. Qe1 Nd7 24. Qc3 Kb8 25. Qb3 Rg8 26. c4 Rg5 27. c5 Qf8 28.
Bc4 Re7 29. Qd3 Kc8 30. Bxa6 Qg7 31. Rxg5 Qxg5 32. Bc4 Nf8 33. a6 bxa6 34. Bxa6+
Kc7 35. Qd6# 1-0

[Event "33rd Leon Blitz Open 2020"]
[Site "chess.com INT"]
[Date "2020.07.14"]
[Round "6"]
[White "Reprintsev, Alexander"]
[Black "Aleksandrov, Aleksej"]
[Result "1-0"]
[WhiteTitle "IM"]
[BlackTitle "GM"]
[WhiteElo "2353"]
[BlackElo "2608"]
[WhiteFideId "14100541"]
[BlackFideId "13500139"]
[EventDate "2020.07.14"]
[EventType "blitz"]

1. e4 e5 2. f4 exf4 3. Bc4 c6 4. Nc3 Nf6 5. Bb3 b5 6. e5 b4 7. exf6 Qxf6 8. Ne4
Qh4+ 9. Nf2 d5 10. Nf3 Qf6 11. O-O Bd6 12. d4 g5 13. Nd3 Bg4 14. Qe1+ Kd8 15.
Nfe5 Bf5 16. Nxb4 a5 17. Nbxc6+ Nxc6 18. Nxc6+ Kc7 19. Ne5 Rhe8 20. Bxd5 Bb4 21.
c3 Rad8 22. Bxf7 1-0

[Event "33rd Leon Blitz Open 2020"]
[Site "chess.com INT"]
[Date "2020.07.14"]
[Round "6"]
[White "Tronenkovs, Valdis"]
[Black "Gabdrakhmanov, Azat"]
[Result "0-1"]
[WhiteTitle "FM"]
[BlackTitle "FM"]
[WhiteElo "2265"]
[BlackElo "2328"]
[WhiteFideId "11601558"]
[BlackFideId "34189197"]
[EventDate "2020.07.14"]
[EventType "blitz"]

1. e4 c5 2. Ne2 e6 3. d4 cxd4 4. Nxd4 a6 5. Bd3 Qc7 6. O-O Nf6 7. Re1 d6 8. c4
g6 9. Nc3 Bg7 10. Be3 O-O 11. Rc1 b6 12. f3 Nbd7 13. Qd2 Bb7 14. Red1 Rfd8 15.
b3 Rac8 16. Bb1 Qb8 17. Qf2 d5 18. exd5 exd5 19. cxd5 Nxd5 20. Nxd5 Bxd5 21. Nf5
gxf5 22. Rxd5 Rxc1+ 23. Bxc1 Nc5 24. Bf4 Rxd5 25. Bxb8 Rd1+ 0-1

[Event "33rd Leon Blitz Open 2020"]
[Site "chess.com INT"]
[Date "2020.07.14"]
[Round "6"]
[White "Shuvalov, Evgenij"]
[Black "Berkovich, Mark A"]
[Result "1-0"]
[BlackTitle "IM"]
[WhiteElo "2182"]
[BlackElo "2326"]
[WhiteFideId "4187237"]
[BlackFideId "2801639"]
[EventDate "2020.07.14"]
[EventType "blitz"]

1. Nf3 Nf6 2. c4 e6 3. g3 d5 4. Bg2 Be7 5. O-O O-O 6. b3 c5 7. e3 Nc6 8. Bb2 d4
9. exd4 cxd4 10. Re1 Bc5 11. d3 a5 12. Na3 Nd7 13. Nc2 e5 14. Ba3 Qc7 15. Qd2
Qd6 16. Bxc5 Nxc5 17. Ng5 Bf5 18. Ne4 Nxe4 19. Bxe4 Bxe4 20. Rxe4 f5 21. Ree1 f4
22. Qe2 Qg6 23. Qe4 Qh5 24. a3 f3 25. h4 Rf4 26. Qd5+ Kh8 27. Re4 Rd8 28. Rxf4 1-0

[Event "33rd Leon Blitz Open 2020"]
[Site "chess.com INT"]
[Date "2020.07.14"]
[Round "6"]
[White "Tregubov, Pavel V."]
[Black "Vantika, Agrawal"]
[Result "1-0"]
[WhiteTitle "GM"]
[BlackTitle "WIM"]
[WhiteElo "2560"]
[BlackElo "2286"]
[WhiteFideId "4115341"]
[BlackFideId "25050389"]
[EventDate "2020.07.14"]
[EventType "blitz"]

1. e4 c5 2. Nf3 d6 3. c3 Nf6 4. Be2 g6 5. O-O Bg7 6. Bb5+ Bd7 7. Bxd7+ Nbxd7 8.
Re1 O-O 9. d4 cxd4 10. cxd4 d5 11. e5 Ne4 12. Nbd2 Nxd2 13. Bxd2 e6 14. h4 Rc8
15. h5 h6 16. Bb4 Re8 17. hxg6 fxg6 18. Qd3 Kh7 19. g3 Nb8 20. Kg2 Nc6 21. Bd6
Bf8 22. Rh1 Bxd6 23. exd6 Qxd6 24. Ng5+ Kg7 25. Rxh6 Kxh6 26. Nf7+ Kg7 27. Nxd6 1-0

[Event "33rd Leon Blitz Open 2020"]
[Site "chess.com INT"]
[Date "2020.07.14"]
[Round "6"]
[White "Hejazipour, Mitra"]
[Black "Buksa, Nataliya"]
[Result "1-0"]
[WhiteTitle "WGM"]
[BlackTitle "IM"]
[WhiteElo "2300"]
[BlackElo "2410"]
[WhiteFideId "12505951"]
[BlackFideId "14123622"]
[EventDate "2020.07.14"]
[EventType "blitz"]

1. Nf3 d5 2. b3 Nf6 3. Bb2 e6 4. e3 c5 5. d4 Nc6 6. Nbd2 a6 7. a3 b6 8. Bd3 Bb7
9. O-O Bd6 10. Qe2 O-O 11. c4 Ne7 12. Rfd1 Ng6 13. cxd5 exd5 14. Ne5 Qe7 15.
Ndf3 Ne4 16. Rac1 f6 17. Nxg6 hxg6 18. Nh4 Qf7 19. f3 Ng5 20. Bxg6 Qe7 21. Nf5
Qe6 22. Nxd6 Qxd6 23. f4 Nf7 24. Qh5 Nh6 25. Rf1 Bc6 26. Rf3 Be8 27. Rg3 Rd8 28.
Bxe8 Rfxe8 29. Qxh6 Qe7 30. dxc5 bxc5 31. Bxf6 Qxe3+ 32. Rxe3 gxh6 33. Rg3+ Kf7
34. Bxd8 Rxd8 35. Rxc5 d4 36. Rd3 Kf6 37. Rc4 1-0

[Event "33rd Leon Blitz Open 2020"]
[Site "chess.com INT"]
[Date "2020.07.14"]
[Round "6"]
[White "Sviridova, Vlada"]
[Black "Piesik, Piotr"]
[Result "0-1"]
[WhiteTitle "WFM"]
[BlackTitle "IM"]
[WhiteElo "2144"]
[BlackElo "2418"]
[WhiteFideId "24109606"]
[BlackFideId "1136194"]
[EventDate "2020.07.14"]
[EventType "blitz"]

1. d4 c5 2. d5 e5 3. Nc3 d6 4. e4 Be7 5. Nf3 Bg4 6. h3 Bxf3 7. Qxf3 Bg5 8. Bb5+
Kf8 9. a4 Bxc1 10. Rxc1 Ne7 11. Bd3 Ng6 12. g3 Nd7 13. h4 h5 14. Kf1 Ne7 15. Kg2
Rh6 16. Ne2 Kg8 17. Ng1 Rc8 18. c4 Qa5 19. b3 Rf8 20. Nh3 Nf6 21. Ng5 Qd8 22.
Qe2 Ng6 23. Ra1 Nh7 24. Nh3 Ne7 25. Ng5 Ng6 26. a5 Nxg5 27. hxg5 Qxg5 28. a6
Nf4+ 29. Kf3 Nxe2 30. Kxe2 f5 31. axb7 fxe4 32. Bxe4 Rhf6 33. f3 Qxg3 34. Rxh5
Qg2+ 35. Ke3 Rxf3+ 0-1

[Event "33rd Leon Blitz Open 2020"]
[Site "chess.com INT"]
[Date "2020.07.14"]
[Round "6"]
[White "Orozbaev, Eldiar"]
[Black "Perez Molina, Robinson"]
[Result "1-0"]
[WhiteTitle "CM"]
[BlackTitle "FM"]
[WhiteElo "1973"]
[BlackElo "2240"]
[WhiteFideId "13802240"]
[BlackFideId "3403882"]
[EventDate "2020.07.14"]
[EventType "blitz"]

1. e4 e5 2. Nf3 Nc6 3. Bc4 Bc5 4. O-O Nf6 5. d4 Bxd4 6. Nxd4 Nxd4 7. f4 d6 8.
fxe5 dxe5 9. Bg5 Ne6 10. Qxd8+ Kxd8 11. Bxf6+ gxf6 12. Nc3 c6 13. Rxf6 Ke7 14.
Raf1 Rf8 15. Ne2 Bd7 16. Rh6 Rh8 17. Ng3 Raf8 18. Nf5+ Kd8 19. Nd6 b5 20. Nxf7+
Rxf7 21. Bxe6 Rxf1+ 22. Kxf1 Rf8+ 23. Ke2 Rf4 24. Ke3 Rf1 25. Bxd7 Kxd7 26.
Rxh7+ Kd6 27. h4 Rc1 28. Kd2 Rg1 29. Rg7 Rh1 30. g3 Rh2+ 31. Kc3 a5 32. Rg6+ Kc5
33. a3 b4+ 34. axb4+ axb4+ 35. Kb3 Re2 36. Rg4 Re3+ 37. c3 bxc3 38. bxc3 Re1 39.
h5 Kb5 40. h6 c5 41. h7 1-0

[Event "33rd Leon Blitz Open 2020"]
[Site "chess.com INT"]
[Date "2020.07.14"]
[Round "6"]
[White "Tanaka, Taira Tyler"]
[Black "Rosenberg, Evan S"]
[Result "1-0"]
[WhiteTitle "CM"]
[WhiteElo "2107"]
[BlackElo "2125"]
[WhiteFideId "7002351"]
[BlackFideId "2019299"]
[EventDate "2020.07.14"]
[EventType "blitz"]

1. Nf3 Nf6 2. g3 b5 3. Bg2 Bb7 4. O-O c5 5. d4 cxd4 6. Nxd4 Bxg2 7. Kxg2 Qb6 8.
Nf3 Qb7 9. Nc3 e6 10. Bg5 h6 11. Bxf6 gxf6 12. a4 b4 13. Nb5 d5 14. Qd3 a6 15.
Nbd4 e5 16. Nf5 Qd7 17. e4 d4 18. Rfd1 a5 19. c3 bxc3 20. bxc3 Nc6 21. cxd4 Nb4
22. Qb3 Be7 23. dxe5 Qe6 24. Ng7+ Kf8 25. Nxe6+ fxe6 26. Qxe6 Ra6 27. Qf5 Nc2
28. Rac1 Nb4 29. Rc8+ Kg7 30. Rxh8 Kxh8 31. Rd7 Bf8 32. Qg6 fxe5 33. Rh7# 1-0

[Event "33rd Leon Blitz Open 2020"]
[Site "chess.com INT"]
[Date "2020.07.14"]
[Round "6"]
[White "Swati, Mohota"]
[Black "Melian, Juan Sebastian"]
[Result "0-1"]
[WhiteTitle "WFM"]
[BlackTitle "CM"]
[WhiteElo "2027"]
[BlackElo "1950"]
[WhiteFideId "5006511"]
[BlackFideId "3706575"]
[EventDate "2020.07.14"]
[EventType "blitz"]

1. d4 Nf6 2. Nf3 e6 3. Bg5 b6 4. e4 Be7 5. e5 Nd5 6. Bxe7 Nxe7 7. Bd3 Bb7 8. O-O
Ng6 9. c3 Nf4 10. Bc2 O-O 11. Re1 f5 12. Nbd2 Nc6 13. Nf1 Ne7 14. Ne3 Neg6 15.
c4 Nh4 16. Nxh4 Qxh4 17. d5 Rae8 18. g3 Qg5 19. Qf3 Ng6 20. Kh1 Nxe5 21. Qf4
Qxf4 22. gxf4 Ng6 23. Ng2 exd5 24. Rxe8 Rxe8 25. Bxf5 dxc4 26. Bxg6 hxg6 27. Kg1
Re2 28. Rc1 Rxb2 29. Rxc4 Rb1+ 0-1

[Event "33rd Leon Blitz Open 2020"]
[Site "chess.com INT"]
[Date "2020.07.14"]
[Round "6"]
[White "Aitbayev, Aslan"]
[Black "Narayanan, S.L."]
[Result "0-1"]
[WhiteTitle "IM"]
[BlackTitle "GM"]
[WhiteElo "2457"]
[BlackElo "2618"]
[WhiteFideId "13704613"]
[BlackFideId "5058422"]
[EventDate "2020.07.14"]
[EventType "blitz"]

1. e4 e5 2. Nf3 Nc6 3. Bb5 a6 4. Ba4 f5 5. d3 fxe4 6. dxe4 Nf6 7. Nc3 d6 8. O-O
Be7 9. Bg5 O-O 10. Nd5 Bg4 11. Bxc6 bxc6 12. Nxe7+ Qxe7 13. h3 Bh5 14. Qd3 d5
15. Nd2 Bg6 16. Rfe1 Qd6 17. Bxf6 Rxf6 18. Qe3 Raf8 19. f3 d4 20. Qd3 c5 21. Nc4
Qe7 22. c3 Bf7 23. cxd4 cxd4 24. Rac1 Rg6 25. b3 h5 26. Qd2 Bxc4 27. Rxc4 Rxf3
28. Rec1 Rxh3 29. Rc6 Qh4 0-1

[Event "33rd Leon Blitz Open 2020"]
[Site "chess.com INT"]
[Date "2020.07.14"]
[Round "6"]
[White "Kuzubov, Yuriy"]
[Black "Das, Sayantan"]
[Result "1-0"]
[WhiteTitle "GM"]
[BlackTitle "IM"]
[WhiteElo "2643"]
[BlackElo "2431"]
[WhiteFideId "14112906"]
[BlackFideId "5034426"]
[EventDate "2020.07.14"]
[EventType "blitz"]

1. d4 Nf6 2. c4 g6 3. Nc3 Bg7 4. e4 O-O 5. Be2 d6 6. Bg5 c5 7. d5 h6 8. Be3 e6
9. Qd2 Kh7 10. f3 exd5 11. cxd5 a6 12. a4 Nbd7 13. Nh3 Ne5 14. Nf2 Bd7 15. O-O
b5 16. axb5 axb5 17. Nxb5 Qb6 18. Nc3 Rxa1 19. Rxa1 Rb8 20. Nfd1 Bc8 21. Bf2 h5
22. h3 Bh6 23. f4 Ned7 24. Be3 Qb4 25. e5 dxe5 26. fxe5 Bxe3+ 27. Qxe3 Qd4 28.
exf6 1-0

[Event "33rd Leon Blitz Open 2020"]
[Site "chess.com INT"]
[Date "2020.07.14"]
[Round "6"]
[White "Sliwicki, Damian"]
[Black "Niemann, Hans Moke"]
[Result "0-1"]
[WhiteTitle "CM"]
[BlackTitle "IM"]
[WhiteElo "2180"]
[BlackElo "2465"]
[WhiteFideId "1127128"]
[BlackFideId "2093596"]
[EventDate "2020.07.14"]
[EventType "blitz"]

1. e4 e6 2. d4 d5 3. Nc3 Nf6 4. Bg5 dxe4 5. Nxe4 Be7 6. Bxf6 gxf6 7. Nf3 f5 8.
Nc3 a6 9. Bd3 b5 10. Qd2 Bb7 11. O-O-O Rg8 12. Qh6 Bxf3 13. Qxh7 Rxg2 14. Rdg1
Rg4 15. h3 Rxg1+ 16. Rxg1 Qxd4 17. Rg8+ Bf8 18. Qh6 Nd7 19. Qg5 b4 20. Ne2 Qxf2
21. Kd2 Nc5 22. Qf4 Ne4+ 23. Bxe4 Qxe2+ 0-1

[Event "33rd Leon Blitz Open 2020"]
[Site "chess.com INT"]
[Date "2020.07.14"]
[Round "6"]
[White "Van Foreest, Jorden"]
[Black "Visakh, N R"]
[Result "1-0"]
[WhiteTitle "GM"]
[BlackTitle "GM"]
[WhiteElo "2682"]
[BlackElo "2516"]
[WhiteFideId "1039784"]
[BlackFideId "25012223"]
[EventDate "2020.07.14"]
[EventType "blitz"]

1. d4 Nf6 2. Nf3 g6 3. Nbd2 d5 4. e3 Bg7 5. b4 O-O 6. a4 a5 7. b5 Nbd7 8. Be2 c5
9. bxc6 bxc6 10. c4 dxc4 11. Nxc4 Ba6 12. O-O c5 13. Bd2 Bxc4 14. Bxc4 Nb6 15.
Bb5 Ne4 16. Be1 cxd4 17. Nxd4 Nd6 18. Nc6 Qd7 19. Rb1 Rfc8 20. Bxa5 Nxb5 21.
Qxd7 Nxd7 22. Nxe7+ Kf8 23. Nxc8 Rxa5 24. axb5 Ra8 25. Rfd1 Ke8 26. Nd6+ Ke7 27.
b6 Rb8 28. b7 Be5 29. Nc4 Bc7 30. Rb5 Nf8 31. Ra1 1-0

[Event "33rd Leon Blitz Open 2020"]
[Site "chess.com INT"]
[Date "2020.07.14"]
[Round "6"]
[White "Hess, Robert"]
[Black "Mhango, Banele"]
[Result "1-0"]
[WhiteTitle "GM"]
[BlackTitle "FM"]
[WhiteElo "2591"]
[BlackElo "2117"]
[WhiteFideId "2022036"]
[BlackFideId "14327040"]
[EventDate "2020.07.14"]
[EventType "blitz"]

1. b3 Nf6 2. Bb2 e6 3. h3 Be7 4. c4 O-O 5. g4 h6 6. Bg2 d5 7. Nf3 c5 8. g5 hxg5
9. Nxg5 d4 10. Ne4 Nbd7 11. d3 Nxe4 12. Bxe4 Nf6 13. Bf3 e5 14. Nd2 Bf5 15. Bxb7
Rb8 16. Bf3 Qd7 17. Qc2 a5 18. O-O-O a4 19. Rdg1 axb3 20. axb3 Bd8 21. h4 Ba5
22. Rg5 Nh7 23. Rg3 Rfe8 24. Rhg1 g6 25. h5 Nf8 26. Ne4 Qe7 27. hxg6 Bxg6 28.
Bh5 Kg7 29. e3 Qh4 30. Bxg6 Nxg6 31. Nxc5 Bb6 32. Nd7 Ba7 33. Nxb8 1-0

[Event "33rd Leon Blitz Open 2020"]
[Site "chess.com INT"]
[Date "2020.07.14"]
[Round "6"]
[White "Klekowski, Maciej"]
[Black "Vovk, Orest"]
[Result "1-0"]
[WhiteTitle "GM"]
[BlackTitle "FM"]
[WhiteElo "2506"]
[BlackElo "2315"]
[WhiteFideId "1132717"]
[BlackFideId "14113490"]
[EventDate "2020.07.14"]
[EventType "blitz"]

1. c4 h6 2. Nc3 g5 3. d4 Bg7 4. h4 c5 5. d5 Bxc3+ 6. bxc3 Qa5 7. hxg5 hxg5 8.
Rxh8 Qxc3+ 9. Bd2 Qxh8 10. Qc1 g4 11. e3 d6 12. Bc3 Qh1 13. Ne2 Nd7 14. Qb2 Nb6
15. Ng3 Qh7 16. a4 Bd7 17. a5 Na4 18. Qxb7 Rd8 19. Bd2 Qc2 20. Qb1 Qxb1+ 21.
Rxb1 Nf6 22. Bd3 e6 23. e4 exd5 24. exd5 Ke7 25. Bc2 Rh8 26. Rb7 1-0

[Event "33rd Leon Blitz Open 2020"]
[Site "chess.com INT"]
[Date "2020.07.14"]
[Round "6"]
[White "Eljanov, Pavel"]
[Black "Henderson de La Fuente, Lance"]
[Result "0-1"]
[WhiteTitle "GM"]
[BlackTitle "GM"]
[WhiteElo "2672"]
[BlackElo "2491"]
[WhiteFideId "14102951"]
[BlackFideId "32096585"]
[EventDate "2020.07.14"]
[EventType "blitz"]

1. e4 c5 2. Nf3 e6 3. d4 cxd4 4. Nxd4 Nc6 5. Nc3 Qc7 6. Be3 a6 7. Be2 Nf6 8. O-O
Be7 9. f4 d6 10. Nb3 b6 11. g4 Bb7 12. g5 Nd7 13. Bf3 h6 14. h4 hxg5 15. hxg5
O-O-O 16. Qe2 Kb8 17. Kg2 Nc5 18. Rh1 Qc8 19. a4 Nb4 20. a5 b5 21. Rad1 Rxh1 22.
Rxh1 Rh8 23. Rxh8 Qxh8 24. Nxc5 dxc5 25. f5 Bd6 26. Bg1 Qh4 27. Qd2 Qg3+ 0-1

[Event "33rd Leon Blitz Open 2020"]
[Site "chess.com INT"]
[Date "2020.07.14"]
[Round "6"]
[White "Tay, Junior"]
[Black "Bykhovsky, Anatoly"]
[Result "0-1"]
[WhiteTitle "CM"]
[BlackTitle "GM"]
[WhiteElo "2230"]
[BlackElo "2496"]
[WhiteFideId "5800439"]
[BlackFideId "2806991"]
[EventDate "2020.07.14"]
[EventType "blitz"]

1. e4 c5 2. Nc3 Nc6 3. g3 g6 4. Bg2 Bg7 5. d3 d6 6. f4 Rb8 7. Nf3 b5 8. O-O b4
9. Ne2 e6 10. g4 Nge7 11. Ng3 O-O 12. f5 Nd4 13. Nxd4 Bxd4+ 14. Kh1 Nc6 15. Bh6
Re8 16. fxg6 hxg6 17. g5 Bxb2 18. Rb1 Bg7 19. Bxg7 Kxg7 20. Qg4 Ne5 21. Qf4 Rh8
22. Rf2 a5 23. Rbf1 Ba6 24. Kg1 Qe7 25. h4 a4 26. Bf3 b3 27. axb3 axb3 28. h5
bxc2 29. h6+ Kg8 30. Rxc2 Bxd3 31. Rcf2 Bxf1 32. Nxf1 Nd3 33. Qe3 Nxf2 34. Kxf2
Kh7 35. Ng3 Rb2+ 36. Be2 e5 37. Qf3 Rf8 38. Nf5 Qxg5 39. Nxd6 Qf4 0-1

[Event "33rd Leon Blitz Open 2020"]
[Site "chess.com INT"]
[Date "2020.07.14"]
[Round "6"]
[White "Svicevic, Rastko"]
[Black "Ortega Amarelle, Mariano"]
[Result "0-1"]
[WhiteTitle "FM"]
[BlackTitle "IM"]
[WhiteElo "2215"]
[BlackElo "2458"]
[WhiteFideId "916315"]
[BlackFideId "3504301"]
[EventDate "2020.07.14"]
[EventType "blitz"]

1. d4 Nf6 2. Bg5 d5 3. Bxf6 gxf6 4. e3 c5 5. g3 Qb6 6. b3 e5 7. Bg2 cxd4 8. exd4
Be6 9. Ne2 Nc6 10. O-O O-O-O 11. Qd2 h5 12. h4 Bh6 13. Qc3 exd4 14. Qd3 Bg4 15.
f3 Be3+ 16. Kh2 Ne5 17. Qd1 Bf5 18. a4 Kb8 19. a5 Qc5 20. Na3 Rc8 21. Ra2 a6 22.
Qa1 d3 23. cxd3 Bxd3 24. Nf4 Bxf1 25. Qxf1 Bxf4 26. gxf4 Ng6 0-1

[Event "33rd Leon Blitz Open 2020"]
[Site "chess.com INT"]
[Date "2020.07.14"]
[Round "6"]
[White "Korobov, Anton"]
[Black "Fawzy, Adham"]
[Result "1-0"]
[WhiteTitle "GM"]
[BlackTitle "GM"]
[WhiteElo "2688"]
[BlackElo "2467"]
[WhiteFideId "14105730"]
[BlackFideId "10613129"]
[EventDate "2020.07.14"]
[EventType "blitz"]

1. d4 Nf6 2. c4 e6 3. Nc3 Bb4 4. e3 b6 5. Ne2 Bb7 6. a3 Be7 7. d5 O-O 8. Nf4 a5
9. Bd3 Na6 10. O-O c6 11. Bc2 Bd6 12. e4 Nc5 13. Re1 Qc7 14. g3 Rfe8 15. Rb1
exd5 16. cxd5 b5 17. b4 axb4 18. axb4 Na6 19. Nd3 cxd5 20. Nxb5 Qc6 21. Nxd6
dxe4 22. b5 Qxd6 23. Bf4 Qd5 24. bxa6 exd3 25. Rxe8+ Rxe8 26. axb7 dxc2 27. Qxc2
d6 28. b8=Q g5 29. Qxd6 1-0

[Event "33rd Leon Blitz Open 2020"]
[Site "chess.com INT"]
[Date "2020.07.14"]
[Round "6"]
[White "Khachatryan, Anna"]
[Black "Przybylski, Wojciech"]
[Result "0-1"]
[WhiteTitle "WFM"]
[BlackTitle "FM"]
[WhiteElo "2071"]
[BlackElo "2321"]
[WhiteFideId "13310780"]
[BlackFideId "1117599"]
[EventDate "2020.07.14"]
[EventType "blitz"]

1. e4 c5 2. Nf3 d6 3. d4 cxd4 4. Nxd4 Nf6 5. Nc3 a6 6. Be3 e5 7. Nb3 Be6 8. Be2
Be7 9. O-O O-O 10. a4 Nbd7 11. Nd2 Qc7 12. a5 d5 13. exd5 Nxd5 14. Nxd5 Bxd5 15.
Bf3 Bc6 16. Bxc6 Qxc6 17. c3 f5 18. Qb3+ Rf7 19. Nc4 f4 20. Bb6 Qe6 21. Nd2 Qg6
22. f3 Nxb6 23. axb6 Bc5+ 24. Kh1 Qxb6 25. Qc2 Re8 26. Ne4 Be3 27. Rfd1 Qg6 28.
Rd6 Qh5 29. Qa4 Rf5 30. Qd7 Ref8 31. Rad1 Qh4 32. Qe6+ Kh8 33. Rd8 Rxd8 34.
Rxd8+ Qxd8 35. h3 Qd1+ 36. Kh2 Qg1# 0-1